| 000 | 00643nam a22002057a 4500 | ||
|---|---|---|---|
| 003 | OSt | ||
| 005 | 20140310181807.0 | ||
| 008 | 130704t xxu||||| |||| 00| 0 eng d | ||
| 020 | _a9781893951129 | ||
| 050 |
_aAG 243 _b.R592 2006 |
||
| 082 |
_aREF 031.02 _bR48 2006 |
||
| 245 | _aRipleys believe it or not : expect the unexpected. | ||
| 260 |
_aSl : _bRipley Publishing, _cc 2006. |
||
| 300 |
_a256 p. ; _bill. col. ; _c30 cm. |
||
| 520 | _a1. Curiosities and wonders. 2. Tiballs, Geoff 3. Wiltshire, Jo. 4. Ripley Entertaiment, Inc. | ||
| 521 | _aBasic ed. students | ||
| 541 | _j1 | ||
| 562 | _e1 | ||
| 942 |
_2lcc _cBK-GR _kREF |
||
| 999 |
_c3820 _d3820 |
||